[Event "Piverone op 1st"]
[Site "Piverone"]
[Date "2012.03.10"]
[Round "2"]
[White "Lavino, Stefano"]
[Black "Gaidano, Domenico"]
[Result "0-1"]
[WhiteElo "1677"]
[BlackElo "1562"]
[PlyCount "58"]
[EventDate "2012.03.09"]
[EventType "swiss"]
[EventRounds "5"]
[EventCountry "ITA"]
[SourceTitle "EXT 2014"]
[Source "ChessBase"]
[SourceDate "2013.11.20"]
[SourceVersion "1"]
[SourceVersionDate "2013.11.20"]
[SourceQuality "1"]

1. d4 d5 2. Nf3 Nf6 3. Bf4 c6 4. e3 e6 5. c3 Be7 6. Bd3 0-0 7. Nbd2 b6 8. Ne5 Bb7 9. h3 Nbd7 10. Ndf3 Nxe5 11. Nxe5 Nd7 12. Qc2 g6 13. Bh6 Nxe5 14. dxe5 Re8 15. Bf4 Bg5 16. Bg3 Bh6 17. h4 Bg7 18. h5 Qg5 19. 0-0-0 Bxe5 20. Bxe5 Qxe5 21. hxg6 fxg6 22. Rh3 Re7 23. Rdh1 Rg7 24. Rg3 Qf6 25. Qe2 e5 26. f3 Bc8 27. e4 Qf4+ 28. Kc2 Qxg3 29. exd5 cxd5 0-1